000 00674nam a2200289Ia 4500
005 20260324120658.0
008 008 260324s9999 xx 000 0 eng d
020 _a9781315757322
037 _aEBOOK
040 _aCRL
040 _beng
040 _cCRL
041 _2eng
041 _aeng
084 _qCRL
100 _aZhenjie Zhou
_91159531
245 0 _aCorporate Crime in China
245 0 _bHistory and contemporary debates
260 _bTaylor and Francis
260 _c2014
365 _a
365 _b255
856 _uhttp://www.taylorfrancis.com/books/9781315757322
942 _cEBOOK
999 _c1751192
_d1751192